| 000 | 01078cas a22003015a 4500 | ||
|---|---|---|---|
| 001 | L00336939 | ||
| 008 | 070810d19652004xxkmr p aa 0 a0eng | ||
| 022 | 1 | _a0033-6939 | |
| 035 | _a(Sirsi) u99182 | ||
| 041 | 0 | _aeng | |
| 110 | 2 |
_aRoyal Institution of Chartered Surveyors _bLibrary and Information Services _94634 |
|
| 245 | 0 | 0 | _aRICS Abstracts and Reviews |
| 260 |
_aLondon _bRoyal Institution of Chartered Surveyors _c1965-2004 |
||
| 362 | 0 | _aEdinburgh: 1970-2004 | |
| 362 | 0 | _aLondon: 1(1) January 1965-39(12) December 2003 | |
| 362 | 0 | _aLondon: 1(1) January 1965-38(12) December 2002 (incomplete holdings) | |
| 362 | 0 | _aLondon: 1(1) January 1965-32(12) December 1996 (incomplete holdings) | |
| 362 | 0 | _aEdinburgh: 1970-2004 | |
| 520 | _aLibrary also holds cumulative indexes for 1965-69 and 1970-74. | ||
| 554 | _a12 per year | ||
| 651 | 4 |
_aUnited Kingdom _y |
|
| 690 | _aPROPERTY | ||
| 690 | _aENVIRONMENTAL AND LAND CONSULTANCY | ||
| 690 | _aMANAGEMENT-BUSINESS MANAGEMENT | ||
| 785 | 0 | 0 | _tIsurv Knowledge Alert |
| 942 | _n0 | ||
| 948 | _c09/02/1994 | ||
| 999 |
_c118682 _d118682 |
||